Visualizzazione normale
Vista MARC
- Frattini, Eric.
di Personal Name
Records bibliografici associati: 1
001 - CONTROL NUMBER
- control field: 57690
003 - CONTROL NUMBER IDENTIFIER
- control field:
005 - DATE AND TIME OF LATEST TRANSACTION
- control field: 20190326101114.0
008 - FIXED-LENGTH DATA ELEMENTS
- fixed length control field: 190326|| aca||aabn | a|a d
040 ## - CATALOGING SOURCE
- Original cataloging agency:
- Transcribing agency:
100 ## - HEADING--PERSONAL NAME
- Personal name: Frattini, Eric.
- Dates associated with a name: 1963-,
- Relator term: autore
670 ## - SOURCE DATA FOUND
- Source citation: Work cat.: ()0: Frattini, Eric. 1963-, autore, L'entità :, 2008.